000 00951cam a2200205 4500
001 ABS66671
008 030516n2003 000 0 eng u
035 _a(Sirsi) u122301
100 _aTeller, T.
245 _aGood business?
260 _c2003
490 _aRICS Business
_vApril 2003, 30-32(3)
520 _aAssesses the relevance and the business necessity of the corporate social responsibility agenda. Provides the business case for social involvement and greater transparency and the need for independent auditing of corporate environmental performance and social impact. Looks at the examples of the Considerate Constructors Scheme, Urban Catalyst, the development experts and Business in the Community's corporate responsibility index initiative.
590 _aABS
650 _aCORPORATE SOCIAL RESPONSIBILITY
650 _aENVIRONMENTAL PERFORMANCE
650 _aAUDITS
690 _aMANAGEMENT-BUSINESS MANAGEMENT
942 _n0
999 _c72683
_d72683